Proceedings of the National Workshop on Under Utilised Timbers, 15-16 August 1983, Kuala Lumpur

Bibliographic Details
Corporate Authors: NATIONAL Workshop on Under Utilised Timbers, Malaysian Timber Industry Board (MTIB)
Format: Book
Published: Kuala Lumpur : Malaysian Timber Industry Board , 1983
Subjects:

MARC

LEADER 00000cam a2200000 7i4500
001 0000001357
005 20010605.0
090 0 0 |a 634.9809595   |b NAT 1983 
110 1 0 |a NATIONAL Workshop on Under Utilised Timbers   |k 1983   |j Kuala Lumpur 
245 1 0 |a Proceedings of the National Workshop on Under Utilised Timbers, 15-16 August 1983, Kuala Lumpur 
260 0 0 |a Kuala Lumpur :   |b Malaysian Timber Industry Board ,   |c 1983 
300 |a 158 p. :   |b ill. ;   |c 30 cm. 
650 0 0 |a Forests and forestry   |z Malaysia   |x Congresses 
650 0 0 |a Timber   |z Malaysia   |x Congresses 
710 1 1 |a Malaysian Timber Industry Board (MTIB) 
998 |a JPSM 
999 |a 0000002876   |b Monograph   |c Open Shelf   |e Default branch